Normal view
MARC view
- PHD ENGINEERING MANAGEMENT PHD
Entry Topical Term
001 - CONTROL NUMBER
- control field: 70099
003 - CONTROL NUMBER IDENTIFIER
- control field: NUST
005 - DATE AND TIME OF LATEST TRANSACTION
- control field: 20210628204354.0
008 - FIXED-LENGTH DATA ELEMENTS
- fixed length control field: 210628|| aca||aabn | a|a d
040 ## - CATALOGING SOURCE
- Original cataloging agency: NUST
- Transcribing agency: NUST
150 ## - HEADING--TOPICAL TERM
- Topical term or geographic name entry element: PHD ENGINEERING MANAGEMENT PHD
670 ## - SOURCE DATA FOUND
- Source citation: Work cat.: (NUST): ASIF RASHID 70098, TH-SOF-1248-ENTERPRISE SYSTEM (ES) CRITICAL SUCCESS FACTORS (CSF), ACROSS LIFECYCLE, IN AIRCRAFT INDUSTRY FOR PRODUCTION EXCELLENCE, 2016
